Statistiques concernant Pays de l'Union Européenne par année de ratification

Cliquez ici pour prendre le quiz!

Statistiques générales

  • Ce quiz a été pris 34 fois
  • Le résultat moyen est 9 sur 28

Statistiques - réponses

HintRéponse% Correct
Allemagne1957
75%
Italie1957
71%
Luxembourg1957
67%
Pays-Bas1957
63%
France1957
63%
Belgique1957
54%
Croatie2012
50%
Estonie2004
42%
Danemark1972
38%
Espagne1985
38%
Irlande1972
33%
Grèce1979
29%
Slovénie2004
29%
Portugal1985
25%
Tchéquie2003
25%
Lettonie2003
25%
Suède1994
21%
Royaume-Uni1972
17%
Autriche1994
17%
Lituanie2003
17%
Hongrie2003
17%
Pologne2003
17%
Bulgarie2005
17%
Finlande1994
13%
Chypre2003
13%
Slovaquie2003
13%
Roumanie2005
13%
Malte2003
8%

Distribution des résultats

Percentile par nombre de réponses

% des personnes avec chaque résultat

Votre développement - résultats

Vous n’avez pas pris ce quiz